000
00221nam a22000857a 4500
008
161124b xxu||||| |||| 00| 0 eng d
100
_9
1379
_a
Morais.P
245
_a
The Little Stork Catahes
260
_a
NEw Delhi
_b
BPI India
_c
2011
999
_c
4093
_d
4093